Statistics for Top 10 Coffee consuming countries

Click here to take the quiz!

General Stats

  • This quiz has been taken 64 times
  • The average score is 6 of 10

Answer Stats

Kg per capitaAnswer% Correct
5.2Germany
75%
9.6Finland
70%
4.8Brazil
70%
6.7Netherlands
68%
7.2Norway
67%
5.3Denmark
65%
4.9Belgium
65%
5.5Austria
55%
6.1Slovenia
30%
5.4Serbia
30%

Score Distribution

Percentile by Number Answered

Percent of People with Each Score

Your Score History

You have not taken this quiz